00790cam a22002177a 4500003000500000005001700005008004100022010001000063011001000073035001000083040000900093100001900102245013600121260007500257300001000332490006100342650003600403650003100439710004100470830006100511CHAP20220329141439.0971013s1988 r 00010 d a68278 a69250 a78726 cCHAP00aMols, P. J. M. 0aSimulation of hunger, feeding and egg production in the carabid beetleb: Plerostichus coerulescens L (: Poecilus versicolor Sturm) aWageningen, The Netherlan :bAgricultural University Wageningen,c1988 a99 p. 0aAgricultural University Wageningen Papersv; 88-3 (1988)14aInsectosxHábitos y conducta.14aPterostichus coerulescens.0 aAgricultural University. Wageningen.0 aAgricultural University Wageningen Papersv; 88-3 (1988)